[Event "GER-chT U12 Girls"]
[Site "Willingen"]
[Date "2022.08.16"]
[Round "7.6"]
[White "Borck, Elena"]
[Black "Xiao, Karoline"]
[Result "1/2-1/2"]
[WhiteElo "739"]
[BlackElo "965"]
[PlyCount "51"]
[EventDate "2022.08.13"]
[EventType "team-swiss"]
[EventRounds "7"]
[EventCountry "GER"]
[SourceTitle "EXT 2023"]
[Source "ChessBase"]
[SourceDate "2022.10.05"]
[SourceVersion "1"]
[SourceVersionDate "2022.10.05"]
[SourceQuality "1"]
[WhiteTeam "Norderstedt"]
[BlackTeam "Karlsruhe SF"]
[WhiteTeamCountry "GER"]
[BlackTeamCountry "GER"]

1. e4 c6 2. Nc3 d5 3. exd5 cxd5 4. d4 Nf6 5. Nf3 Bf5 6. Bf4 Nc6 7. Bb5 a6 8. Bd3 Bg6 9. Ne5 Bxd3 10. Nxc6 bxc6 11. Qxd3 e6 12. 0-0 Bd6 13. Bxd6 Qxd6 14. Rfe1 0-0 15. Na4 Ne4 16. c4 Rac8 17. c5 Qe7 18. Nb6 Rb8 19. Qxa6 Nf6 20. b4 Qc7 21. Rab1 Nd7 22. Nxd7 Qxd7 23. a4 Ra8 24. Qd3 Rxa4 25. b5 h6 26. b6 1/2-1/2

[Event "GER-chT U12 Girls"]
[Site "Willingen"]
[Date "2022.08.13"]
[Round "1.4"]
[White "Xiao, Karoline"]
[Black "Shynkar, Darya"]
[Result "0-1"]
[WhiteElo "965"]
[BlackElo "1001"]
[PlyCount "74"]
[EventDate "2022.08.13"]
[EventType "team-swiss"]
[EventRounds "7"]
[EventCountry "GER"]
[SourceTitle "EXT 2023"]
[Source "ChessBase"]
[SourceDate "2022.10.05"]
[SourceVersion "1"]
[SourceVersionDate "2022.10.05"]
[SourceQuality "1"]
[WhiteTeam "Karlsruhe SF"]
[BlackTeam "Paderborn"]
[WhiteTeamCountry "GER"]
[BlackTeamCountry "GER"]

1. d4 Nf6 2. Bf4 e6 3. Nf3 d5 4. e3 c5 5. c3 Nc6 6. Nbd2 cxd4 7. exd4 Bd6 8. Bg3 0-0 9. Bd3 Re8 10. 0-0 a6 11. Ne5 Rb8 12. Qc2 h6 13. Ndf3 Bd7 14. Bh4 Be7 15. Rae1 Rc8 16. Bxf6 Bxf6 17. Bh7+ Kf8 18. Re3 Qc7 19. Rfe1 b5 20. h3 Bxe5 21. Nxe5 Nxd4 22. Qd3 Nf5 23. Rf3 Re7 24. g4 Nd6 25. Ng6+ Ke8 26. Nxe7 Kxe7 27. Qd4 f6 28. Qd3 Be8 29. Qe2 Qd7 30. h4 Nc4 31. g5 Bh5 32. Bf5 Ne5 33. Bh3 Nxf3+ 34. Kh1 Nxe1 35. Qxe1 hxg5 36. hxg5 Bf3+ 37. Kg1 Rh8 0-1

[Event "GER Pfingstopen U12"]
[Site "Playchess.com INT"]
[Date "2020.06.02"]
[Round "10"]
[White "Muehlbauer, Adrian"]
[Black "Xiao, Karoline"]
[Result "1-0"]
[WhiteElo "1545"]
[BlackElo "1620"]
[PlyCount "47"]
[EventDate "2020.06.02"]
[EventType "swiss (blitz)"]
[EventRounds "11"]
[EventCountry "GER"]
[SourceTitle "CBM 197 Extra"]
[Source "ChessBase"]
[SourceDate "2020.09.30"]
[SourceVersion "1"]
[SourceVersionDate "2020.09.30"]
[SourceQuality "1"]

1. e4 c5 2. Nc3 d6 3. f4 Nf6 4. Bc4 g6 5. a3 Bg7 6. d3 0-0 7. Nf3 Nc6 8. 0-0 a6 9. Ba2 b5 10. Qe1 Bb7 11. Qg3 Nh5 12. Qg4 e6 13. f5 exf5 14. exf5 Nf6 15. Qg3 Nh5 16. Qg4 Nf6 17. Qh3 Ne5 18. fxg6 Nxg6 19. Ng5 Qc7 20. Rxf6 h6 21. Nxf7 Rxf7 22. Rxg6 Qc6 23. Qxh6 Re8 24. Qxg7# 1-0

[Event "GER Pfingstopen U12"]
[Site "Playchess.com INT"]
[Date "2020.06.02"]
[Round "2"]
[White "Thanner, David"]
[Black "Xiao, Karoline"]
[Result "0-1"]
[WhiteElo "1620"]
[BlackElo "1620"]
[PlyCount "80"]
[EventDate "2020.06.02"]
[EventType "swiss (blitz)"]
[EventRounds "11"]
[EventCountry "GER"]
[SourceTitle "CBM 197 Extra"]
[Source "ChessBase"]
[SourceDate "2020.09.30"]
[SourceVersion "1"]
[SourceVersionDate "2020.09.30"]
[SourceQuality "1"]

1. e3 c5 2. Nf3 d6 3. Be2 Nf6 4. 0-0 g6 5. d4 cxd4 6. exd4 Bg7 7. Bf4 0-0 8. Bg5 Nc6 9. Nc3 a6 10. a4 Qc7 11. d5 Ne5 12. Nxe5 dxe5 13. Re1 b6 14. Bd3 Rd8 15. Bxf6 Bxf6 16. b4 Bb7 17. Be4 Qxc3 18. b5 axb5 19. Rb1 Rxa4 20. Rxb5 Rda8 21. Rb1 e6 22. Bf3 Rd4 23. Qc1 exd5 24. Rd1 e4 25. Bg4 Qc6 26. Rxd4 Bxd4 27. h3 Bg7 28. f3 exf3 29. Bxf3 Re8 30. Qd2 Bc3 31. Qd3 f5 32. Rb3 Bg7 33. Rb5 Re1+ 34. Kh2 Qd6+ 35. g3 h5 36. Bxd5+ Bxd5 37. Rxd5 Qf6 38. Rd6 Qa1 39. Rc6 Rh1+ 40. Kg2 Qg1+ 0-1

[Event "GER Pfingstopen U12"]
[Site "Playchess.com INT"]
[Date "2020.06.02"]
[Round "1"]
[White "Xiao, Karoline"]
[Black "Dimitriu, Filip"]
[Result "0-1"]
[WhiteElo "1620"]
[BlackElo "1620"]
[PlyCount "75"]
[EventDate "2020.06.02"]
[EventType "swiss (blitz)"]
[EventRounds "11"]
[EventCountry "GER"]
[SourceTitle "CBM 197 Extra"]
[Source "ChessBase"]
[SourceDate "2020.09.30"]
[SourceVersion "1"]
[SourceVersionDate "2020.09.30"]
[SourceQuality "1"]

1. e4 c5 2. Nf3 Nc6 3. d4 cxd4 4. Nxd4 g6 5. Nc3 Bg7 6. Be3 Nf6 7. Qd2 d6 8. 0-0-0 0-0 9. h4 a6 10. Kb1 Nxd4 11. Bxd4 b5 12. f3 Bd7 13. g4 a5 14. h5 a4 15. Bxb5 Bxb5 16. Nxb5 Qd7 17. Nc3 Rab8 18. Ne2 Rb7 19. g5 Nxh5 20. Bxg7 Kxg7 21. Qc3+ Kg8 22. Rxh5 gxh5 23. Rh1 Rc8 24. Qd2 Rcb8 25. c3 Rxb2+ 26. Qxb2 Rxb2+ 27. Kxb2 Qb5+ 28. Kc2 Qxe2+ 29. Kb1 Qxf3 30. Re1 Qxc3 31. Rc1 Qxc1+ 32. Kxc1 h4 33. Kd1 h3 34. Ke1 h2 35. e5 h1Q+ 36. Kf2 Qh3 37. Ke2 dxe5 38. Kd2 0-1